Yogurt Dishes - Sudden Death - Statistics

General Stats
  • This quiz has been taken 57 times
  • The average score is 5 of 16
Answers on the Grid
Answers color-coded by a green-red scale on the quiz's grid according to % correct below.
Tzatziki
Mast-o-khiar
Naan bread with dahi chutney
Sindhi biryani
Chicken tikka masala
Tandoori chicken
Çılbır / Turkish Eggs
Kayseri Mantısı
Tahchin
Kaleh joosh
Mansaf
Tavë kosi
Waldorf salad
Frozen yogurt
Yogurt parfait
Shrikhand
Soan papdi
Marrons glacés
Çoban salatası
Turkish delights
Gheimeh
Fesenjan / Fesenjoon
Arnavut ciğeri
Piri-piri chicken / Peri-peri chicken
New England clam chowder
Blanquette de veau
Shepherd's pie
Fettuccine Alfredo
 
Answer Stats
Answer % Correct
Yogurt parfait
82%
Frozen yogurt
76%
Tzatziki
74%
Chicken tikka masala
50%
Tandoori chicken
45%
Naan bread with dahi chutney
42%
Sindhi biryani
29%
Waldorf salad
29%
Çılbır / Turkish Eggs
26%
Kaleh joosh
26%
Mast-o-khiar
16%
Mansaf
13%
Tavë kosi
13%
Shrikhand
11%
Kayseri Mantısı
8%
Tahchin
8%
No matching quizzes found
Score Distribution
Percent of People with Each Score
Percentile by Number Answered
Your Score History
You have not taken this quiz